Statistics for Country Factfile Puzzle Game #9

Click here to take the quiz!

General Stats

  • This quiz has been taken 102 times
  • The average score is 7 of 11

Answer Stats

QuestionCategoryFactAnswer% Correct
In what country would you find the real Mona Lisa painting?Area9,984,670 km2France
91%
Which U.K. City comes first alphabetically?DrivesRightAberdeen
78%
Name a Capital City that begins withe the letter 'G'.Letters6Gaborone, Georgetown, Guatemala City
75%
Which Asian country has the most National Parks?National Parks43China (208)
74%
What is the capital of Haiti?Coastline243,042 kmPort-au-Prince
73%
By area, what is the smallest country that borders Russia?Borders1Estonia
71%
UNKNOWN COUNTRYCanada
59%
Which capital city is 800km from Belgrade and Ankara?Latitude42ºN to 83ºNAthens
53%
What is the fifth most populated country in Africa?Population35,151,728Tanzania
46%
Which U.S. State or territory has the biggest GDP per capita?Nominal GDP$1.763 trillionWashington D.C. ($160,472 or $186,172)
28%
Which Chinese province is the most populated?Territories13Guangdong
20%

Score Distribution

Percentile by Number Answered

Percent of People with Each Score

Your Score History

You have not taken this quiz